| 000 | 01102nam a22002657a 4500 | ||
|---|---|---|---|
| 003 | OSt | ||
| 005 | 20230124140242.0 | ||
| 007 | cr ||||||a|c|a | ||
| 008 | 230120b2021 mx ||||fom||| 001 0 spa d | ||
| 040 | _erda | ||
| 100 | 1 |
_9135711 _aMaza Dueñas, Mafaldo |
|
| 245 | 1 |
_aDiseño y aplicación de estrategias de aprendizaje a partir del método kinético / _cpor Mafaldo Maza Dueñas; director de tesis Liberio Victorino Ramírez |
|
| 264 | 1 |
_aChapingo, México : _bEl autor, _c2021. |
|
| 300 | _a1 recurso en línea (184 páginas). | ||
| 336 |
_2rdacontent _atexto _btxt |
||
| 337 |
_2rdamedia _acomputadora _bc |
||
| 338 |
_2rdacarrier _arecurso en línea _bcr |
||
| 502 |
_bDCEAS _cSociología _d2021. _gDOC |
||
| 504 | _aIncluye referencias bibliográficas: páginas 182-184 | ||
| 650 | 4 |
_9163166 _aMétodos educacionales |
|
| 650 | 4 |
_9154321 _aEstrategias de aprendizaje |
|
| 700 | 1 |
_9119091 _aVictorino Ramírez, Liberio _eDirector de tesis |
|
| 856 |
_uhttp://10.13.5.2/tesis/td/2021_SR_Maza_Duenas_Mafaldo.pdf _zDESCARGAR PDF |
||
| 942 |
_2Clasificación Universidad Autónoma Chapingo _cTD |
||
| 999 |
_c218116 _d218116 |
||